Bezpečnosť v chytrých autách bakalárska práca
Saved in:
| Main Author: | |
|---|---|
| Corporate Author: | |
| Other Authors: | |
| Format: | Book |
| Language: | Slovak |
| Published: |
Bratislava
2020
|
| Tags: |
No Tags, Be the first to tag this record!
|
MARC
| LEADER | 00000nbm a2200000 4500 | ||
|---|---|---|---|
| 001 | 0264640 | ||
| 005 | 20210510105256.5 | ||
| 041 | 0 | |a slo | |
| 044 | |a SK | ||
| 245 | 1 | 0 | |a Bezpečnosť v chytrých autách |b bakalárska práca |c Radovan Bučko ; školiteľ: Peter Procházka |
| 264 | 1 | |a Bratislava |c 2020 | |
| 300 | |a 59 s. | ||
| 100 | 1 | |a Bučko, Radovan | |
| 700 | 1 | |a Procházka, Peter, 1968- | |
| 710 | 2 | |a Fakulta hospodárskej informatiky EU. Katedra aplikovanej informatiky | |